000 00371 a2200169 4500
001 183073
020 _a85-209-0591-9
040 _cMagnum
100 _aRosa, Joao Guimaraes
240 1 0 _aManuelzão e miguilim
_lpor
245 1 0 _aManuelzão e miguilim
300 _a258
362 0 _a1984
440 1 _aNova Fronteira
697 _aLITERATURA GERAL
942 _cBK
999 _c183073
_d183073